| 000 | 00815nam a2200229Ia 4500 | ||
|---|---|---|---|
| 003 | GCL | ||
| 008 | 140319s9999 xx 000 0 ara d | ||
| 040 |
_aGCL / _cGCL |
||
| 082 | 0 | 4 |
_a191 _bه م |
| 100 | 1 | _aعبدالرحمن بدوى | |
| 245 | 1 | 0 |
_aمارتن هيدجر مالفلسفة ? ماالميتافيزيقا? هيلادرليد وماهية الشعر / _cعبدالرحمن بدوى |
| 700 | 1 | _aفؤاد كامل (مترجم) | |
| 700 | 1 | _aهيدخر, ماتن | |
| 700 | 1 | _aمحمود رجب (مترجم) | |
| 260 |
_a[S.N] : _bدار الثقافة للنشر والتوزيع ، _c1974 |
||
| 300 | _a158 | ||
| 490 |
_aسلسلة النصوص الفلسفية _v0 |
||
| 650 | 0 | 4 | _aالفلسفة |
| 650 | 0 | 4 | _aالفلسفة الالمانية |
| 650 | 0 | 4 | _aهيدجر |
| 942 |
_2ddc _cBK |
||
| 999 |
_c31435 _d31435 |
||